Normal view
MARC view
- Shraddha Kamble - 2k161029; Dr. Arpita Singh - Guide & Digital Thrust
Entry Personal Name
001 - CONTROL NUMBER
- control field: 105144
003 - CONTROL NUMBER IDENTIFIER
- control field: OSt
005 - DATE AND TIME OF LATEST TRANSACTION
- control field: 20221007221546.0
008 - FIXED-LENGTH DATA ELEMENTS
- fixed length control field: 221007|| aca||aabn | a|a d
040 ## - CATALOGING SOURCE
- Original cataloging agency: OSt
- Transcribing agency: OSt
100 ## - HEADING--PERSONAL NAME
- Personal name: Shraddha Kamble - 2k161029; Dr. Arpita Singh - Guide & Digital Thrust
670 ## - SOURCE DATA FOUND
- Source citation: Work cat.: (OSt)80044: Shraddha Kamble - 2k161029; Dr. Arpita Singh - Guide & Digital Thrust, The Effective Of Training And Developement At Digital Thrust, 2016